00449cam a2200145ua 4500041001000000082001900010100002200029245005500051260004600106300001100152504000500163942000700168999001900175952010900194 aengh a828.09bFLE/WA aFletcher, Iain . aWalter Pater / cIain Fletcher.hTextual Documents aLondon : bLongman Green and Co , c1959. a44 ; . a cBK c334346d334346 01104070aKAUAETbKAUAETd2012-04-07l0o828.09pKAU_KCAEFT-5365 r2024-06-05 00:00:00w2025-09-03yBK